UM Logo

Handbook for social work writing / (Record no. 23830)

MARC details
000 -LEADER
fixed length control field 00669nam a22001937a 4500
005 - DATE AND TIME OF LATEST TRANSACTION
control field 20250919104210.0
008 - FIXED-LENGTH DATA ELEMENTS--GENERAL INFORMATION
fixed length control field 250918b |||||||| |||| 00| 0 eng d
020 ## - INTERNATIONAL STANDARD BOOK NUMBER
International Standard Book Number 9780367768270
082 ## - DEWEY DECIMAL CLASSIFICATION NUMBER
Classification number DC 808.066361 M381 2024
100 ## - MAIN ENTRY--PERSONAL NAME
Personal name Mason, Susan E.
9 (RLIN) 67730
245 ## - TITLE STATEMENT
Title Handbook for social work writing /
Statement of responsibility, etc. Susan E. Mason and Wendy Zeitlin.
260 ## - PUBLICATION, DISTRIBUTION, ETC. (IMPRINT)
Place of publication, distribution, etc. New York :
Name of publisher, distributor, etc. Routledge,
Date of publication, distribution, etc. ©2024.
300 ## - PHYSICAL DESCRIPTION
Extent 157 pages :
Other physical details illustrations ;
Dimensions 20 cm.
500 ## - GENERAL NOTE
General note Includes appendices, references, and index.
650 #0 - SUBJECT ADDED ENTRY--TOPICAL TERM
Topical term or geographic name as entry element Communication in social work.
9 (RLIN) 67875
650 #0 - SUBJECT ADDED ENTRY--TOPICAL TERM
Topical term or geographic name as entry element Social case work reporting.
9 (RLIN) 67876
700 ## - ADDED ENTRY--PERSONAL NAME
Personal name Zeitlin, Wendy.
9 (RLIN) 67733
Relator term author.
942 ## - ADDED ENTRY ELEMENTS (KOHA)
Source of classification or shelving scheme Dewey Decimal Classification
Koha item type Circulation
Holdings
Withdrawn status Lost status Source of classification or shelving scheme Damaged status Not for loan Collection code Home library Current library Date acquired Source of acquisition Cost, normal purchase price Total Checkouts Full call number Barcode Date last seen Price effective from Koha item type
    Dewey Decimal Classification     Circulation UM Digos College - LIC UM Digos College - LIC 08/11/2025 Purchased 4400.00   DC 808.066361 M381 2024 28866 09/18/2025 09/18/2025 Circulation